000 00350 a2200109 4500
001 ART_39590
005 20260410162000.0
008 260409a
245 1 0 _aAlgunos problemas epistemológicos y metodológicos en trabajo social
100 1 _aEtchegaray, Ricardo M.
773 0 _tPropuestas
_g- Año 1, Nº 1 (jun. 1995)
_wREV28258
999 _c31212
_d31212